Soul / (Record no. 9089)
[ view plain ]
| 000 -LEADER | |
|---|---|
| campo de control de longitud fija | 00789nam a2200265 i 4500 |
| 001 - NÚMERO DE CONTROL | |
| campo de control | C00009234c |
| 005 - FECHA Y HORA DE LA ÚLTIMA TRANSACCIÓN | |
| campo de control | 20241029142945.0 |
| 008 - DATOS DE LONGITUD FIJA--INFORMACIÓN GENERAL | |
| campo de control de longitud fija | 950406s1990 dk a c 000 0ddan d |
| 020 ## - NÚMERO INTERNACIONAL ESTÁNDAR DEL LIBRO | |
| Número Internacional Estándar del Libro | 87-89-119-12-6 |
| 080 ## - NÚMERO DE LA CLASIFICACIÓN DECIMAL UNIVERSAL | |
| Número de la Clasificación Decimal Universal | 73 Moller, Mogens |
| 080 ## - NÚMERO DE LA CLASIFICACIÓN DECIMAL UNIVERSAL | |
| Número de la Clasificación Decimal Universal | 73 Dahlin, Dorte |
| 100 1# - ENTRADA PRINCIPAL--NOMBRE DE PERSONA | |
| Nombre de persona | Dahlin, Dorte. |
| 9 (RLIN) | 6822 |
| 245 10 - MENCIÓN DEL TÍTULO | |
| Título | Soul / |
| Mención de responsabilidad, etc. | Dorte Dahlin og Mogens Moller. |
| 260 ## - PUBLICACIÓN, DISTRIBUCIÓN, ETC. | |
| Lugar de publicación, distribución, etc. | Soro : |
| Nombre del editor, distribuidor, etc. | Vestsjaellands Kunstmuseum ; |
| Lugar de publicación, distribución, etc. | Randers : |
| Nombre del editor, distribuidor, etc. | Randers Kunstmuseum, |
| Fecha de publicación, distribución, etc. | 1990. |
| 300 ## - DESCRIPCIÓN FÍSICA | |
| Extensión | 36 p. : |
| Otras características físicas | il. ; |
| Dimensiones | 30 cm. |
| 500 ## - NOTA GENERAL | |
| Nota general | Bibliografía. |
| 500 ## - NOTA GENERAL | |
| Nota general | Texto en danés e inglés. |
| 500 ## - NOTA GENERAL | |
| Nota general | Ded. ms. |
| 600 14 - PUNTO DE ACCESO ADICIONAL DE MATERIA--NOMBRE DE PERSONA | |
| Nombre de persona | Moller, Mogens. |
| 9 (RLIN) | 6823 |
| 710 2# - ENTRADA AGREGADA--NOMBRE DE ENTIDAD CORPORATIVA | |
| Nombre de entidad corporativa o nombre de jurisdicción como elemento de entrada | Vestsjaellands Kunstmuseum ( |
| Sede del congreso/Lugar de la reunión | Soro) |
| 9 (RLIN) | 6824 |
| 710 2# - ENTRADA AGREGADA--NOMBRE DE ENTIDAD CORPORATIVA | |
| Nombre de entidad corporativa o nombre de jurisdicción como elemento de entrada | Randers Kunstmuseum. |
| 9 (RLIN) | 6825 |
| 852 ## - LOCALIZACIÓN | |
| Número de control de estantería | F-7099 |
| Estatus retirado | Estado de pérdida | Estado de daño | No para préstamo | Colección | Biblioteca de origen | Biblioteca actual | Ubicación en estantería | Fecha de adquisición | Fuente de adquisición | Total de préstamos | Signatura topográfica completa | Código de barras | Visto por última vez | Precio de reemplazo | Tipo de ítem Koha |
|---|---|---|---|---|---|---|---|---|---|---|---|---|---|---|---|
| Real Academia de la Bellas Artes de San Fernando | Real Academia de la Bellas Artes de San Fernando | Depósito 1 | 06/04/1995 | O | F-7099 | 1010172 | 15/10/2024 | 15/10/2024 | Fondo moderno |